000 00856nam a22002897a 4500
003 CHAP
005 20220329140158.0
008 971013s1973 r 00010 d
010 _a48141
011 _a49113
035 _a53261
040 _cCHAP
090 _aFolleto 11631
100 0 0 _aTomasec, Ivo.
_9113670
245 _aOn the effect of certain antibiotics on the Honey bee
260 _aWashington :
_bE.U.A. Deprtment of Agriculture,
_c1973
300 _a10 p.
590 _aBATCH-UPD
_b10
_c20130110
_lUCH01
_h1541
590 _aBATCH-UPD
_b10
_c20130410
_lUCH01
_h0943
590 _aBATCH-UPD
_b10
_c20130913
_lUCH01
_h1815
590 _aCONVERSION
_b10
_c20130109
_lUCH01
_h1326
650 1 4 _aAbejas.
_9182
650 1 4 _aAntibióticos.
_96046
901 _aBK
942 _cFOLL
949 _aFolleto 11631
_bBC
_cFOLL
_d-118220
_eTS1
_i53261
_mD
_si
999 _c48141
_d48141